| 000 | 00340nam a2200133Ia 4500 | ||
|---|---|---|---|
| 008 | 231129s2013||||xx |||||||||||||| ||spa|| | ||
| 040 | _bspa | ||
| 082 | _aCo863 M843e | ||
| 100 | _aMoreno Bermúdez ílvaro | ||
| 245 | 0 | _aMemorias de un arriero de Racamandaca | |
| 260 | _c2013 | ||
| 264 | _aGráficas Metropolitana | ||
| 942 |
_2ddc _cBKS |
||
| 999 |
_c20947 _d20947 |
||